| 000 | 01645nam a2200289 i 4500 | ||
|---|---|---|---|
| 001 | 000017901 | ||
| 003 | DO-SdBNP | ||
| 005 | 20230821105116.0 | ||
| 007 | ta | ||
| 008 | 100407s200u dr 001 0dspa d | ||
| 040 |
_aDO-SdBNP _bspa _cBNPHU _erda |
||
| 082 | 4 |
_a371.1 _bG887e _222 |
|
| 100 | 1 |
_aGrullón de la Cruz, Ernestina, _d1926- _938843 _eautor |
|
| 245 | 1 | 4 |
_aLas experiencias de una maestra / _cErnestina Grullón. |
| 264 |
_aSanto Domingo : _b[s.n., _c200_]. |
||
| 300 |
_a164 páginas ; _c21 cm. |
||
| 336 |
_2rdacontent _atexto _btxt |
||
| 337 |
_2rdamedia _asin mediación _bnc |
||
| 338 |
_2rdacarrier _avolumen _bn |
||
| 505 |
_aDedicatoria-- _tAgradecimiento-- _tPresentación-- _tAutografía-- _tEscuela rudimentaria La Bajada -- _tEscuela rudimentaria Las Piñas -- _tEscuela rudimentaria Caonabo -- _tEscuela experimental Fidel Ferrer -- _tDepartamento de Educación Especial -- _tCentro de Educación Especial San Lorenzo de Los Mina -- _tAlgunas expresiones de los padres, maestros y tutores -- _tOpiniones positivas -- _tAlgunas expresiones de niños y niñas -- _tOpiniones de alumnos y alumnas que fueron integrados a escuelas regulares: Año lectivo 2003-2004 -- _tProblemas con los nombres y las actas de nacimiento -- _tHimno de Educación Especial -- _tOración por el hijo especial -- _tLas bienaventuranzas del discapacitado mental. |
||
| 590 | _aInventariado, 2018/VM | ||
| 650 | 4 |
_aSociología de la educación _zRepública Dominicana _917416 |
|
| 650 | 4 |
_aProfesores de educación básica _938844 |
|
| 650 | 4 |
_aEducación de niños con discapacidades _938845 |
|
| 910 | _aValidado. Control de calidad EMS | ||
| 942 |
_2ddc _cLBS1 |
||
| 999 |
_c17425 _d17425 |
||